| 000 | 00373nam a22001457a 4500 | ||
|---|---|---|---|
| 005 | 20250619124516.0 | ||
| 008 | 250619b |||||||| |||| 00| 0 eng d | ||
| 020 | _a9780300074994 | ||
| 050 |
_aBR515 _b.M35 MCD |
||
| 100 | _aMCDANNELL COLLEEN | ||
| 245 | _aMATERIAL CHRISTIANITY | ||
| 260 |
_aLONDON _bYALE UNIVERSITY PRESS _cc1995 |
||
| 300 | _ax, 312p | ||
| 942 |
_2lcc _cBK _n0 |
||
| 999 |
_c6590 _d6590 |
||